000 00322nam a2200109Ia 4500
008 230907s9999||||xx |||||||||||||| ||und||
082 _a551.4618
_bCON
245 0 _aContemporary issues in estuarine physics /
260 _aCambridge University Press,
_bCambridge ; | New York :
_c2017
300 _ax, 315 p. :
942 _cBK
999 _c599949
_d599949